[Event "Puhajarve rap op 23rd"]
[Site "Puhajarve"]
[Date "2023.11.24"]
[Round "2"]
[White "Shirov, Alexei"]
[Black "Ozolins, Aris"]
[Result "1-0"]
[WhiteElo "2668"]
[BlackElo "2147"]
[PlyCount "28"]
[EventDate "2023.11.24"]
[EventType "tourn (rapid)"]
[EventRounds "33"]
[EventCountry "EST"]
[SourceTitle "CB49_2023"]
[SourceDate "2023.12.06"]
[SourceVersion "1"]
[SourceVersionDate "2023.12.06"]
[SourceQuality "1"]

1. e4 c5 2. Nf3 Nc6 3. d4 cxd4 4. Nxd4 Nf6 5. Nc3 g6 6. Nxc6 bxc6 7. e5 Ng8 8. Bc4 Bg7 9. Qf3 f5 10. Bf4 e6 11. 0-0-0 Rb8 12. Bxe6 Qb6 13. Bb3 Ne7 14. e6 Qd8 1-0

[Event "Puhajarve Rapid op 21st"]
[Site "Puhajarve"]
[Date "2021.11.26"]
[Round "10"]
[White "Blomqvist, Erik"]
[Black "Ozolins, Aris"]
[Result "1-0"]
[WhiteElo "2542"]
[BlackElo "2147"]
[PlyCount "56"]
[EventDate "2021.11.26"]
[EventType "tourn (rapid)"]
[EventRounds "37"]
[EventCountry "EST"]
[SourceTitle "CBM 205 Extra"]
[Source "ChessBase"]
[SourceDate "2022.01.31"]
[SourceVersion "1"]
[SourceVersionDate "2022.01.31"]
[SourceQuality "1"]

1. e4 c5 2. Nf3 Nc6 3. c3 g6 4. d4 cxd4 5. cxd4 d6 6. h3 Bg7 7. Nc3 Bd7 8. Bc4 Rc8 9. Bb3 Na5 10. Bc2 Nf6 11. 0-0 0-0 12. Re1 Re8 13. e5 Nh5 14. g4 dxe5 15. dxe5 Bc6 16. gxh5 Qc7 17. Be4 Rcd8 18. Qe2 Bd7 19. Bf4 Bxh3 20. Ng5 Bc8 21. Nxf7 Rd4 22. hxg6 hxg6 23. Bg3 Be6 24. Ng5 Bc4 25. Qg4 Bxe5 26. Qh4 Bxg3 27. Qh7+ Kf8 28. Qh8+ Bg8 1-0

[Event "EU-ch blitz"]
[Site "Katowice"]
[Date "2017.12.15"]
[Round "4"]
[White "Ozolins, Aris"]
[Black "Saraci, Nderim"]
[Result "0-1"]
[WhiteElo "2145"]
[BlackElo "2398"]
[PlyCount "56"]
[EventDate "2017.12.15"]
[EventType "swiss (blitz)"]
[EventRounds "22"]
[EventCountry "POL"]
[SourceTitle "CBM 182 Extra"]
[Source "ChessBase"]
[SourceDate "2018.02.23"]
[SourceVersion "1"]
[SourceVersionDate "2018.02.23"]
[SourceQuality "1"]

1. e4 c5 2. Nf3 Nc6 3. d4 cxd4 4. Nxd4 g6 5. Nc3 Bg7 6. Be3 Nf6 7. Nxc6 dxc6 8. Qxd8+ Kxd8 9. Bc4 Ng4 10. Bxf7 Rf8 11. 0-0-0+ Kc7 12. Bb3 Nxe3 13. fxe3 Bh6 14. Rhf1 Bxe3+ 15. Kb1 Bg4 16. Rde1 Bd2 17. Rxf8 Rxf8 18. Rg1 Bxc3 19. bxc3 Rf2 20. h3 Be2 21. Be6 Kd6 22. Bg4 Rf1+ 23. Rxf1 Bxf1 24. Bf3 Ke5 25. Kc1 Kf4 26. Kd2 Kg3 27. Ke3 Bxg2 28. Bg4 Bxh3 0-1

[Event "Puhajarve rap op 18th"]
[Site "Puhajarve"]
[Date "2017.11.26"]
[Round "33"]
[White "Sammalvuo, Tapani"]
[Black "Ozolins, Aris"]
[Result "1-0"]
[WhiteElo "2414"]
[BlackElo "2141"]
[PlyCount "33"]
[EventDate "2017.11.24"]
[EventType "tourn (rapid)"]
[EventRounds "35"]
[EventCountry "EST"]
[SourceTitle "CBM 181 Extra"]
[Source "ChessBase"]
[SourceDate "2017.12.12"]
[SourceVersion "1"]
[SourceVersionDate "2017.12.12"]
[SourceQuality "1"]

1. d4 Nf6 2. c4 e5 3. dxe5 Ng4 4. Nf3 Bc5 5. e3 Nc6 6. Nc3 Ngxe5 7. Nxe5 Nxe5 8. Be2 0-0 9. 0-0 d6 10. b3 a5 11. Bb2 Bd7 12. Ne4 Bb6 13. c5 f5 14. cxb6 fxe4 15. Bxe5 dxe5 16. Qd5+ Rf7 17. Bc4 1-0

[Event "Keres Memorial rap 26th"]
[Site "Tallinn"]
[Date "2017.01.15"]
[Round "11"]
[White "Haitin, Ilja"]
[Black "Ozolins, Aris"]
[Result "1-0"]
[WhiteElo "2289"]
[BlackElo "2141"]
[PlyCount "53"]
[EventDate "2017.01.14"]
[EventType "swiss (rapid)"]
[EventRounds "11"]
[EventCountry "EST"]
[SourceTitle "CBM 176 Extra"]
[Source "ChessBase"]
[SourceDate "2017.03.02"]
[SourceVersion "1"]
[SourceVersionDate "2017.03.02"]
[SourceQuality "1"]

1. e4 c5 2. Nf3 Nc6 3. d4 cxd4 4. Nxd4 Nf6 5. Nc3 g6 6. Nde2 Bg7 7. g3 0-0 8. Bg2 d6 9. 0-0 Bd7 10. h3 Rb8 11. a4 a6 12. Be3 b5 13. axb5 axb5 14. Nd5 Nxd5 15. exd5 Na5 16. Bd4 Bxd4 17. Nxd4 b4 18. b3 Qb6 19. Re1 Rfe8 20. Qd2 Kg7 21. Re4 f5 22. Rh4 h5 23. Qg5 Kf7 24. Re1 Qd8 25. Ne6 Bxe6 26. dxe6+ Kg7 27. Rxh5 1-0

[Event "Puhajarve rap op 14th"]
[Site "Puhajarve"]
[Date "2013.11.30"]
[Round "20"]
[White "Nyback, Tomi"]
[Black "Ozolins, Aris"]
[Result "1-0"]
[WhiteElo "2586"]
[BlackElo "2185"]
[PlyCount "79"]
[EventDate "2013.11.29"]
[EventType "tourn (rapid)"]
[EventRounds "35"]
[EventCountry "EST"]
[SourceTitle "CBM 157 Extra"]
[Source "ChessBase"]
[SourceDate "2013.12.19"]
[SourceVersion "1"]
[SourceVersionDate "2013.12.19"]
[SourceQuality "1"]

1. d4 Nf6 2. c4 e5 3. dxe5 Ng4 4. Bf4 Bb4+ 5. Nd2 Nc6 6. Ngf3 Qe7 7. a3 Bxd2+ 8. Qxd2 Ngxe5 9. Nxe5 Nxe5 10. c5 b6 11. Qd5 Nc6 12. cxb6 cxb6 13. e3 Qe6 14. Bc4 Qxd5 15. Bxd5 0-0 16. 0-0 Bb7 17. Rfd1 Rac8 18. b4 Rfd8 19. Rd2 d6 20. Bf3 f5 21. h4 Rd7 22. Rxd6 Rxd6 23. Bxd6 Rd8 24. Bf4 Rd7 25. Rd1 Rxd1+ 26. Bxd1 Kf7 27. Bf3 Ke6 28. Kh2 Kd7 29. Kg3 Nd8 30. Bxb7 Nxb7 31. Bb8 a5 32. Kf4 Ke6 33. Bc7 axb4 34. axb4 b5 35. f3 h6 36. h5 Kf6 37. e4 fxe4 38. Kxe4 g6 39. hxg6 Kxg6 40. Kd5 1-0

[Event "Puhajarve rap op 14th"]
[Site "Puhajarve"]
[Date "2013.11.29"]
[Round "9"]
[White "Ozolins, Aris"]
[Black "Volodin, Aleksandr"]
[Result "0-1"]
[WhiteElo "2185"]
[BlackElo "2477"]
[PlyCount "70"]
[EventDate "2013.11.29"]
[EventType "tourn (rapid)"]
[EventRounds "35"]
[EventCountry "EST"]
[SourceTitle "CBM 157 Extra"]
[Source "ChessBase"]
[SourceDate "2013.12.19"]
[SourceVersion "1"]
[SourceVersionDate "2013.12.19"]
[SourceQuality "1"]

1. e4 c5 2. Nf3 e6 3. c4 Nc6 4. Nc3 Be7 5. g3 d6 6. Bg2 e5 7. 0-0 Be6 8. Nd5 Nf6 9. d3 h6 10. h3 0-0 11. Be3 Nd4 12. Nxd4 cxd4 13. Bd2 Nxd5 14. cxd5 Bd7 15. f4 f5 16. fxe5 dxe5 17. Qh5 Qe8 18. Qxe8 Raxe8 19. Kh2 Bd6 20. a3 f4 21. Bb4 Bxb4 22. axb4 a6 23. Rac1 Bb5 24. Rc7 Bxd3 25. Rd1 Be2 26. Rd2 f3 27. Bxf3 Bxf3 28. d6 Bxe4 29. d7 Rd8 30. Re2 Bc6 31. Rxe5 Rxd7 32. Rxd7 Bxd7 33. Rd5 Bc6 34. Rxd4 Rf2+ 35. Kg1 Rxb2 0-1

[Event "Puhajarve rap op 13th"]
[Site "Puhajarve"]
[Date "2012.11.23"]
[Round "4"]
[White "Ozolins, Aris"]
[Black "Smith, Axel"]
[Result "0-1"]
[WhiteElo "2229"]
[BlackElo "2484"]
[PlyCount "48"]
[EventDate "2012.11.23"]
[EventType "tourn (rapid)"]
[EventRounds "31"]
[EventCountry "EST"]
[SourceTitle "CBM 151 Extra"]
[Source "ChessBase"]
[SourceDate "2012.12.18"]
[SourceVersion "1"]
[SourceVersionDate "2012.12.18"]
[SourceQuality "1"]

1. e4 c5 2. Nf3 e6 3. c4 Nc6 4. Nc3 Nf6 5. g3 b6 6. Bg2 Bb7 7. 0-0 d6 8. Re1 Be7 9. d4 cxd4 10. Nxd4 Nxd4 11. Qxd4 0-0 12. h3 Rc8 13. Be3 Qc7 14. Bf1 Rfd8 15. Rac1 Qb8 16. Bg2 Qa8 17. a4 Nd7 18. a5 Nc5 19. axb6 Nb3 20. Qd3 Nxc1 21. Rxc1 axb6 22. Bxb6 Re8 23. b4 Qa3 24. Ba5 Qxc1+ 0-1

[Event "Fujairah Masters op"]
[Site "Fujairah"]
[Date "2012.11.16"]
[Round "4"]
[White "Elarbi, Abobker"]
[Black "Ozolins, Aris"]
[Result "1-0"]
[WhiteElo "2272"]
[BlackElo "2229"]
[PlyCount "65"]
[EventDate "2012.11.13"]
[EventType "swiss"]
[EventRounds "9"]
[EventCountry "UAE"]
[SourceTitle "CBM 151 Extra"]
[Source "ChessBase"]
[SourceDate "2012.12.18"]
[SourceVersion "1"]
[SourceVersionDate "2012.12.18"]
[SourceQuality "1"]

1. d4 Nf6 2. Nf3 g6 3. g3 Bg7 4. Bg2 0-0 5. c4 d6 6. Nc3 c5 7. d5 Bf5 8. Nh4 Bd7 9. 0-0 Na6 10. e4 Rb8 11. a4 Nb4 12. h3 a6 13. a5 Qc7 14. f4 e6 15. g4 exd5 16. exd5 h6 17. g5 Nh5 18. gxh6 Bxh6 19. f5 Bg7 20. Ne4 Bd4+ 21. Kh1 Kg7 22. Ra3 Rbe8 23. Qg4 Nf6 24. Nxf6 Bxf6 25. Nxg6 Bxf5 26. Qxf5 fxg6 27. Rg3 Qf7 28. Be4 Rxe4 29. Qxe4 Re8 30. Qf4 Rh8 31. Rgf3 Nd3 32. Rxd3 Qe7 33. Rdf3 1-0

[Event "Puhajarve rap op 12th"]
[Site "Puhajarve"]
[Date "2011.11.25"]
[Round "10"]
[White "Ozolins, Aris"]
[Black "Jussupow, Artur"]
[Result "0-1"]
[WhiteElo "2236"]
[BlackElo "2569"]
[PlyCount "50"]
[EventDate "2011.11.25"]
[EventType "tourn (rapid)"]
[EventRounds "29"]
[EventCountry "EST"]
[SourceTitle "CBM 145 Extra"]
[Source "ChessBase"]
[SourceDate "2012.01.03"]
[SourceVersion "1"]
[SourceVersionDate "2012.01.03"]
[SourceQuality "1"]

1. e4 e5 2. Nf3 Nf6 3. Bc4 Nxe4 4. d3 Nd6 5. Nxe5 Nxc4 6. dxc4 d6 7. Nd3 Be7 8. 0-0 0-0 9. h3 Nc6 10. Nd2 Bf5 11. Nf3 h6 12. Rb1 Qd7 13. b4 Rae8 14. Bd2 Bf6 15. Re1 Bxh3 16. gxh3 Qxh3 17. Nf4 Qg4+ 18. Ng2 Qxc4 19. Rb3 Qg4 20. Nfh4 Rxe1+ 21. Qxe1 Bxh4 22. Re3 Nd4 23. c3 Nc2 24. Qe2 Nxe3 25. Qxe3 Bf6 0-1

[Event "Puhajarve rap op 11th"]
[Site "Harjumaa"]
[Date "2010.11.27"]
[Round "23"]
[White "Nyback, Tomi"]
[Black "Ozolins, Aris"]
[Result "1-0"]
[WhiteElo "2650"]
[BlackElo "2239"]
[PlyCount "57"]
[EventDate "2010.11.26"]
[EventType "tourn (rapid)"]
[EventRounds "31"]
[EventCountry "EST"]
[SourceTitle "CBM 139 Extra"]
[Source "ChessBase"]
[SourceDate "2011.01.05"]
[SourceVersion "1"]
[SourceVersionDate "2011.01.05"]
[SourceQuality "1"]

1. d4 Nf6 2. c4 e5 3. dxe5 Ng4 4. Bf4 Bb4+ 5. Nd2 Nc6 6. Ngf3 Qe7 7. a3 Bxd2+ 8. Qxd2 Ngxe5 9. Nxe5 Nxe5 10. c5 Qxc5 11. Rc1 Qd6 12. e3 0-0 13. Qxd6 cxd6 14. Rd1 Re8 15. Rxd6 Ng6 16. Bg3 Re6 17. Bc4 Rxd6 18. Bxd6 a5 19. Kd2 b5 20. Bxb5 Ba6 21. Ba4 Bb7 22. f3 Bc6 23. Bxc6 dxc6 24. Kc3 f6 25. Rd1 Rd8 26. Rd2 Kf7 27. Bc7 Re8 28. e4 Nf4 29. Bxf4 1-0

[Event "Curacao op"]
[Site "Willemstad"]
[Date "2003.11.02"]
[Round "8"]
[White "Ozolins, Aris"]
[Black "Rohl Montes, Juan Armando"]
[Result "1/2-1/2"]
[WhiteElo "2289"]
[BlackElo "2390"]
[PlyCount "60"]
[EventDate "2003.10.25"]
[EventType "swiss"]
[EventRounds "9"]
[EventCountry "AHO"]
[SourceTitle "EXT 2004"]
[Source "ChessBase"]
[SourceDate "2003.11.25"]
[SourceVersion "1"]
[SourceVersionDate "2003.11.25"]
[SourceQuality "1"]

1. e4 c5 2. Nf3 d6 3. d4 cxd4 4. Qxd4 a6 5. Be3 Nc6 6. Qd2 Nf6 7. Nc3 e6 8. 0-0-0 Qc7 9. Bf4 Ng4 10. h3 Nge5 11. Nd4 Bd7 12. Be3 Na5 13. Bg5 h6 14. Bh4 g5 15. Bg3 Bg7 16. h4 Nac4 17. Bxc4 Nxc4 18. Qd3 gxh4 19. Bxh4 Rc8 20. Nce2 Nxb2 21. Kxb2 Bb5 22. Qg3 Qxc2+ 23. Ka1 Bxe2 24. Qxg7 Qc3+ 25. Kb1 Bd3+ 26. Rxd3 Qxd3+ 27. Kb2 Qd2+ 28. Kb1 Qd3+ 29. Kb2 Qc3+ 30. Kb1 Qd3+ 1/2-1/2

[Event "Curacao op"]
[Site "Willemstad"]
[Date "2003.10.27"]
[Round "3"]
[White "Ozolins, Aris"]
[Black "Huebner, Robert"]
[Result "0-1"]
[WhiteElo "2289"]
[BlackElo "2604"]
[PlyCount "103"]
[EventDate "2003.10.25"]
[EventType "swiss"]
[EventRounds "9"]
[EventCountry "AHO"]
[SourceTitle "EXT 2004"]
[Source "ChessBase"]
[SourceDate "2003.11.25"]
[SourceVersion "1"]
[SourceVersionDate "2003.11.25"]
[SourceQuality "1"]

1. e4 e6 2. c4 d5 3. exd5 exd5 4. d4 Nf6 5. Nf3 Bb4+ 6. Nbd2 0-0 7. Be2 dxc4 8. a3 Bxd2+ 9. Bxd2 Be6 10. 0-0 Nbd7 11. Rc1 b5 12. Bg5 Qc8 13. Ne5 Qb7 14. Re1 Rfe8 15. Qc2 Bd5 16. Bf1 c5 17. Nxd7 Nxd7 18. Be3 Qc6 19. Qf5 Re6 20. dxc5 Rae8 21. Red1 Re5 22. Qg4 Re4 23. Qg5 Nf6 24. h3 R4e5 25. Qf4 Ne4 26. Bd4 R5e6 27. f3 Nxc5 28. b4 Nb3 29. Rc3 h6 30. Bf2 Rf6 31. Qh4 a6 32. Bd3 Be6 33. Bc2 Qa8 34. Be4 Qb8 35. Bg3 Qa7+ 36. Bf2 Qe7 37. Qh5 Rd8 38. Re1 Rd2 39. Bh4 Qa7+ 40. Kh1 Rf4 41. Bg3 Rxe4 42. Rxe4 Rd1+ 43. Re1 Qd4 44. Qh4 Qxh4 45. Bxh4 Rd2 46. Re5 Kh7 47. f4 Nd4 48. Be1 Ra2 49. Rce3 Nf5 50. Rc3 Ne7 51. Kg1 Ng6 52. Bf2 0-1

[Event "Curacao op"]
[Site "Willemstad"]
[Date "2003.10.26"]
[Round "2"]
[White "Stefanova, Antoaneta"]
[Black "Ozolins, Aris"]
[Result "1/2-1/2"]
[WhiteElo "2497"]
[BlackElo "2289"]
[PlyCount "70"]
[EventDate "2003.10.25"]
[EventType "swiss"]
[EventRounds "9"]
[EventCountry "AHO"]
[SourceTitle "EXT 2004"]
[Source "ChessBase"]
[SourceDate "2003.11.25"]
[SourceVersion "1"]
[SourceVersionDate "2003.11.25"]
[SourceQuality "1"]

1. d4 Nf6 2. Bg5 d5 3. e3 c6 4. Bxf6 exf6 5. c4 dxc4 6. Bxc4 Bd6 7. Nc3 f5 8. Nf3 0-0 9. Qc2 Nd7 10. h4 Nf6 11. h5 Qe7 12. Bd3 g6 13. 0-0-0 Be6 14. hxg6 hxg6 15. Qd2 Nh5 16. Nh4 Qg5 17. Qe2 Kg7 18. Nxf5+ Bxf5 19. Bxf5 Nf4 20. Qg4 Qxf5 21. Qxf5 gxf5 22. exf4 Bxf4+ 23. Kc2 Rfd8 24. d5 cxd5 25. Nxd5 Rac8+ 26. Kb3 Bg5 27. g3 Rc5 28. Nc3 Rdc8 29. Rd5 Bf6 30. Rxc5 Rxc5 31. Rd1 Bxc3 32. bxc3 Rb5+ 33. Kc2 Ra5 34. Kb3 Rb5+ 35. Kc2 Ra5 1/2-1/2

[Event "Dubai op"]
[Site "Dubai"]
[Date "2002.04.22"]
[Round "6"]
[White "Ozolins, Aris"]
[Black "Sadatnajafi, Mohamed"]
[Result "0-1"]
[WhiteElo "2337"]
[BlackElo "2225"]
[PlyCount "88"]
[EventDate "2002.04.15"]
[EventType "swiss"]
[EventRounds "9"]
[EventCountry "UAE"]
[SourceTitle "CBM 087 Extra"]
[Source "ChessBase"]
[SourceDate "2002.05.03"]
[SourceVersion "2"]
[SourceVersionDate "2002.08.09"]
[SourceQuality "1"]

1. e4 c5 2. Nf3 e6 3. c4 Nc6 4. Nc3 a6 5. d4 cxd4 6. Nxd4 Qc7 7. Be2 Nf6 8. 0-0 Bb4 9. Nxc6 dxc6 10. Bf3 e5 11. Qb3 Bc5 12. Na4 Bd4 13. c5 Be6 14. Qc2 0-0 15. Re1 Rad8 16. h3 Qa5 17. Be3 Bxe3 18. Rxe3 Rd2 19. Qc1 Rfd8 20. Nb6 Qb4 21. b3 Qd4 22. Na4 h6 23. Kf1 g5 24. Qc3 h5 25. Qxd4 R8xd4 26. Nc3 g4 27. hxg4 hxg4 28. Be2 Kg7 29. Rd1 Rxd1+ 30. Bxd1 Nd7 31. Ke2 Nxc5 32. Bc2 b5 33. Nb1 b4 34. Nd2 a5 35. Rg3 Kf6 36. Ke3 Rd8 37. Nf1 a4 38. Nd2 axb3 39. axb3 Ra8 40. Bd1 Ra1 41. Bxg4 Re1+ 42. Be2 Nxb3 43. Nf3 Rc1 44. Ne1 Rxe1 0-1

[Event "Dubai op"]
[Site "Dubai"]
[Date "2002.04.17"]
[Round "3"]
[White "Guseinov, Gadir"]
[Black "Ozolins, Aris"]
[Result "1-0"]
[WhiteElo "2510"]
[BlackElo "2337"]
[PlyCount "43"]
[EventDate "2002.04.15"]
[EventType "swiss"]
[EventRounds "9"]
[EventCountry "UAE"]
[SourceTitle "CBM 087 Extra"]
[Source "ChessBase"]
[SourceDate "2002.05.03"]
[SourceVersion "2"]
[SourceVersionDate "2002.08.09"]
[SourceQuality "1"]

1. e4 c5 2. Nf3 Nc6 3. Nc3 g6 4. d4 cxd4 5. Nxd4 Bg7 6. Be3 Nf6 7. Bc4 0-0 8. Bb3 a5 9. 0-0 d6 10. h3 Nxd4 11. Bxd4 Bd7 12. a4 Bc6 13. f4 e5 14. fxe5 dxe5 15. Bc5 Re8 16. Qxd8 Raxd8 17. Rf2 Bxe4 18. Rxf6 Bxf6 19. Nxe4 Be7 20. Bb6 Ra8 21. Rf1 Rf8 22. Bc7 1-0